Islam or Jansiat / (Record no. 525437)
[ view plain ]
| 000 -LEADER | |
|---|---|
| fixed length control field | 00459nam a22001697a 4500 |
| 003 - CONTROL NUMBER IDENTIFIER | |
| control field | NUST |
| 038 ## - RECORD CONTENT LICENSOR | |
| Staff Name | Arshad |
| 082 ## - DEWEY DECIMAL CLASSIFICATION NUMBER | |
| Classification number | 297.082 |
| Author Mark | SHA |
| 100 ## - MAIN ENTRY--PERSONAL NAME | |
| Personal name | Shah, syad Nasir |
| 9 (RLIN) | 16304 |
| 245 ## - TITLE STATEMENT | |
| Title | Islam or Jansiat / |
| Statement of responsibility, etc. | Syed Nasir Shah |
| 260 ## - PUBLICATION, DISTRIBUTION, ETC. | |
| Place of publication, distribution, etc. | Lahore : |
| Name of publisher, distributor, etc. | Naia zamana publication, |
| Date of publication, distribution, etc. | S.L. |
| 300 ## - PHYSICAL DESCRIPTION | |
| Extent | 252 P. ; |
| 500 ## - GENERAL NOTE | |
| General note | Hardcover. |
| 880 ## - ALTERNATE GRAPHIC REPRESENTATION | |
| Linkage | 100-01\r |
| Title | سید نصیر شاھ |
| 880 ## - ALTERNATE GRAPHIC REPRESENTATION | |
| Linkage | 245-02\r |
| Title | اسلام اور جنسیات / |
| 942 ## - ADDED ENTRY ELEMENTS (KOHA) | |
| Source of classification or shelving scheme | |
| Koha item type | Book |
| Withdrawn status | Lost status | Source of classification or shelving scheme | Damaged status | Not for loan | Permanent Location | Current Location | Shelving location | Date acquired | Total Renewals | Full call number | Barcode | Date last seen | Price effective from | Koha item type |
|---|---|---|---|---|---|---|---|---|---|---|---|---|---|---|
| NUST Law School (NLS) | NUST Law School (NLS) | First Floor - Islam | 07/02/2019 | 5 | 297.082 SHA | CL-E-70 | 03/14/2023 | 07/02/2019 | Book |
